| 000 | 00943cam a2200277 a 4500 | ||
|---|---|---|---|
| 001 | 16811642 | ||
| 005 | 20141217110611.0 | ||
| 008 | 110606s2011 xxka frb f001 0 eng d | ||
| 010 | _a2011281857 | ||
| 020 | _a1107000815 (hbk.) | ||
| 020 | _a9781107000810 (hbk.) | ||
| 040 |
_aUKM _cUKM _dYDXCP _dTEF _dIXA _dDLC _dEG-ScBUE |
||
| 082 | 0 | 0 |
_222 _a621.3678 _bSAL |
| 100 | 1 |
_aSaleh, Bahaa E. A., _d1944- _936953 |
|
| 245 | 1 | 0 |
_aIntroduction to subsurface imaging / _cBahaa Saleh. |
| 260 |
_aCambridge, United Kingdom ; _aNew York, United States : _bCambridge University Press, _c2011. |
||
| 300 |
_axv, 438 p. : _bill. (col.) ; _c26 cm. |
||
| 500 | _aIndex : p. 433-438. | ||
| 504 | _aIncludes bibliographical references. | ||
| 650 | 0 |
_aRemote sensing _94838 |
|
| 650 | 0 |
_aGround penetrating radar _936954 |
|
| 650 | 0 |
_aImaging systems _936955 |
|
| 653 |
_bENGELC _cDecember2014 |
||
| 655 |
_vreading book _934232 |
||
| 942 |
_2ddc _k621.3678 SAL |
||
| 999 |
_c18790 _d18762 |
||